| 000 | 01203nam1a2200313 i 4500 | ||
|---|---|---|---|
| 001 | RU\NLR\BIBL_A\011202454 | ||
| 005 | 20241105192004.0 | ||
| 035 | _a(NLR Aleph) 011202454 | ||
| 090 |
_a11930723 _c11930723 |
||
| 100 | _a20160815g20169999um y0rusy50 ca | ||
| 101 | 0 | _arus | |
| 102 | _aRU | ||
| 105 | _a||||z|||||||| | ||
| 200 | 1 |
_aЯпония на почтовых открытках _eсто лет назад _fГеннадий Турмов, Нобуюки Миура |
|
| 210 |
_aВладивосток _cДальневосточный федеральный университет _d2016 |
||
| 215 | _d26 | ||
| 607 |
_aЯпония _2rubbk |
||
| 607 |
_aЯпония _xИзображение на почтовых открытках маркированных художественных _92294565 _3RU\NLR\AUTH\6601601191 |
||
| 675 | _a75/76 | ||
| 686 | _aЩ153(0)53-3 | ||
| 686 | _aЩ153(0)53-489 | ||
| 700 | 1 |
_aТурмов _bГ. П. _f1941- _gГеннадий Петрович |
|
| 701 | 1 |
_aНобуюки _bМ. _gМиура |
|
| 852 |
_aNLR _jЭ АлТ76/2-11 |
||
| 942 | _cBOOK | ||
| 980 | _aNBR | ||